[Event "GER S3G3 enginefrei email"]
[Site "GER email"]
[Date "2014.03.08"]
[Round "?"]
[White "Kaufmann, Michael"]
[Black "Ohlendorf, Uwe"]
[Result "0-1"]
[WhiteElo "1879"]
[BlackElo "1832"]
[PlyCount "40"]
[EventDate "2014.03.14"]
[EventType "tourn (corr)"]
[EventRounds "6"]
[EventCountry "GER"]
[SourceTitle "Corr 2020"]
[Source "ChessBase"]
[SourceDate "2019.09.30"]
[SourceVersion "1"]
[SourceVersionDate "2019.09.30"]
[SourceQuality "1"]

1. c4 g6 2. Nc3 c5 3. Nf3 Bg7 4. g3 Nc6 5. Bg2 d6 6. 0-0 e5 7. d3 Nge7 8. e4 0-0 9. Nb5 a6 10. Nc3 Bg4 11. Nd5 Nxd5 12. cxd5 Nd4 13. Bg5 f6 14. Bd2 f5 15. Rb1 fxe4 16. dxe4 Nxf3+ 17. Bxf3 Bxf3 18. Qc2 Qd7 19. Qd3 Qh3 20. Qxf3 Rxf3 0-1

[Event "GER Cup19 sf03 serv"]
[Site "GER email"]
[Date "2013.07.14"]
[Round "?"]
[White "Wurtinger, Rainer"]
[Black "Ohlendorf, Uwe"]
[Result "1-0"]
[WhiteElo "2149"]
[BlackElo "1870"]
[PlyCount "81"]
[EventDate "2013.07.20"]
[EventType "tourn (corr)"]
[EventRounds "6"]
[EventCountry "GER"]
[SourceTitle "Corr 2015"]
[Source "ChessBase"]
[SourceDate "2015.07.17"]
[SourceVersion "1"]
[SourceVersionDate "2015.07.17"]
[SourceQuality "1"]

1. d4 Nf6 2. c4 g6 3. Nc3 Bg7 4. e4 d6 5. Nf3 0-0 6. Be2 e5 7. 0-0 Nc6 8. d5 Ne7 9. b4 a5 10. Ba3 b6 11. bxa5 Rxa5 12. Bb4 Ra8 13. a4 Ne8 14. Qb3 Kh8 15. Nb5 f5 16. Nd2 Bd7 17. Bd3 Bh6 18. Bc3 fxe4 19. Nxe4 Nf5 20. f4 Ne3 21. fxe5 Nxf1 22. e6+ Ng7 23. Rxf1 Rxf1+ 24. Bxf1 Bxb5 25. Bf6 Qf8 26. cxb5 Kg8 27. g4 g5 28. h4 Ne8 29. hxg5 Bg7 30. e7 Qf7 31. Qe3 Rxa4 32. Bd3 Bxf6 33. Nxf6+ Kh8 34. Bf5 Ra8 35. Kg2 Rb8 36. Kg3 Nxf6 37. gxf6 Qxf6 38. e8Q+ Rxe8 39. Qxe8+ Kg7 40. Qd7+ Kh6 41. Qxh7+ 1-0

[Event "GER Cup19 E/V05 email"]
[Site "GER email"]
[Date "2013.04.01"]
[Round "?"]
[White "Wilshusen, Horst"]
[Black "Ohlendorf, Uwe"]
[Result "1/2-1/2"]
[WhiteElo "1512"]
[BlackElo "1870"]
[PlyCount "73"]
[EventDate "2013.04.08"]
[EventType "tourn (corr)"]
[EventRounds "4"]
[EventCountry "GER"]
[SourceTitle "Corr 2015"]
[Source "ChessBase"]
[SourceDate "2015.07.17"]
[SourceVersion "1"]
[SourceVersionDate "2015.07.17"]
[SourceQuality "1"]

1. e4 d6 2. d4 Nf6 3. Nc3 g6 4. f3 c6 5. Be3 Qb6 6. Qd2 Qxb2 7. Rb1 Qa3 8. e5 Nfd7 9. f4 d5 10. Rb3 Qa5 11. Bd3 Bg7 12. Qf2 Na6 13. Nge2 Nb4 14. 0-0 Nxd3 15. cxd3 e6 16. Kh1 0-0 17. g4 f6 18. Qg2 b5 19. a3 fxe5 20. dxe5 Qa6 21. d4 Nb6 22. Bc1 Nc4 23. Ng3 Qb6 24. Nce2 c5 25. dxc5 Qxc5 26. Rd3 Bb7 27. Nd4 Qb6 28. Qe2 a5 29. Rfd1 b4 30. Qa2 Qa6 31. Nge2 Rfc8 32. Kg2 Qb6 33. Kh3 Bf8 34. f5 Nxe5 35. Rg3 exf5 36. gxf5 Rc7 37. Bf4 1/2-1/2

[Event "GER S3G4 enginefrei email"]
[Site "GER email"]
[Date "2012.01.27"]
[Round "?"]
[White "Eife, Gunter"]
[Black "Ohlendorf, Uwe"]
[Result "0-1"]
[WhiteElo "1749"]
[BlackElo "1870"]
[PlyCount "27"]
[EventDate "2012.02.07"]
[EventType "tourn (corr)"]
[EventRounds "6"]
[EventCountry "GER"]
[SourceTitle "Corr 2015"]
[Source "ChessBase"]
[SourceDate "2015.07.17"]
[SourceVersion "1"]
[SourceVersionDate "2015.07.17"]
[SourceQuality "1"]

1. d4 Nf6 2. c4 c5 3. d5 b5 4. cxb5 a6 5. bxa6 g6 6. Nc3 Bxa6 7. Bg5 Bg7 8. Nf3 d6 9. Nd2 0-0 10. e4 Bxf1 11. Nxf1 Qb6 12. b3 Qb4 13. Bd2 Nxe4 14. Nxe4 0-1

[Event "GER S3G4 enginefrei email"]
[Site "GER email"]
[Date "2012.01.27"]
[Round "?"]
[White "Ohlendorf, Uwe"]
[Black "Schelberg, Martin"]
[Result "1-0"]
[WhiteElo "1870"]
[BlackElo "1409"]
[PlyCount "55"]
[EventDate "2012.02.07"]
[EventType "tourn (corr)"]
[EventRounds "6"]
[EventCountry "GER"]
[SourceTitle "Corr 2015"]
[Source "ChessBase"]
[SourceDate "2015.07.17"]
[SourceVersion "1"]
[SourceVersionDate "2015.07.17"]
[SourceQuality "1"]
[WhiteTeam "Germany"]
[BlackTeam "Latvia"]
[WhiteTeamCountry "GER"]
[BlackTeamCountry "LAT"]

1. d4 Nf6 2. c4 g6 3. Nc3 Bg7 4. e4 d6 5. Nf3 0-0 6. Be2 Nc6 7. 0-0 e6 8. d5 Ne5 9. Nxe5 dxe5 10. Be3 Bd7 11. Qb3 b6 12. Bg5 a6 13. a4 h6 14. Be3 exd5 15. cxd5 Ne8 16. Rfc1 Nd6 17. f3 f5 18. a5 b5 19. Qb4 f4 20. Bc5 Qh4 21. Bxd6 cxd6 22. Qxd6 Rf7 23. Qb6 Qg5 24. d6 Bh3 25. Bf1 Be6 26. Qc6 Qd8 27. Nd5 Rc8 28. Ne7+ 1-0

[Event "GER Server Cup05 final email"]
[Site "GER email"]
[Date "2011.10.16"]
[Round "?"]
[White "Ohlendorf, Uwe"]
[Black "Voigt, Detlev"]
[Result "1-0"]
[WhiteElo "1870"]
[BlackElo "1669"]
[PlyCount "51"]
[EventDate "2011.10.24"]
[EventType "tourn (corr)"]
[EventRounds "4"]
[EventCountry "GER"]
[SourceTitle "Corr 2015"]
[Source "ChessBase"]
[SourceDate "2015.07.17"]
[SourceVersion "1"]
[SourceVersionDate "2015.07.17"]
[SourceQuality "1"]
[WhiteTeam "Germany"]
[BlackTeam "Latvia"]
[WhiteTeamCountry "GER"]
[BlackTeamCountry "LAT"]

1. d4 Nf6 2. c4 g6 3. Nc3 d5 4. cxd5 Nxd5 5. e4 Nxc3 6. bxc3 Bg7 7. Nf3 c5 8. Rb1 0-0 9. Be2 b6 10. 0-0 Bb7 11. Qd3 e6 12. Bg5 Qc7 13. Qe3 Nd7 14. e5 Rae8 15. Bb5 Bc6 16. Bxc6 Qxc6 17. Bh6 cxd4 18. cxd4 Qd5 19. Rfc1 Rc8 20. a3 b5 21. h4 Rc4 22. Bxg7 Kxg7 23. h5 Rfc8 24. h6+ Kg8 25. Rxc4 Qxc4 26. Qd2 1-0

[Event "GER Server Cup03 final email"]
[Site "GER email"]
[Date "2010.12.05"]
[Round "?"]
[White "Ohlendorf, Uwe"]
[Black "Wilshusen, Horst"]
[Result "1-0"]
[WhiteElo "1928"]
[BlackElo "1648"]
[PlyCount "63"]
[EventDate "2010.12.14"]
[EventType "tourn (corr)"]
[EventRounds "6"]
[EventCountry "GER"]
[SourceTitle "Corr 2015"]
[Source "ChessBase"]
[SourceDate "2015.07.17"]
[SourceVersion "1"]
[SourceVersionDate "2015.07.17"]
[SourceQuality "1"]
[WhiteTeam "Germany"]
[BlackTeam "Germany"]
[WhiteTeamCountry "GER"]
[BlackTeamCountry "GER"]

1. d4 Nf6 2. c4 e6 3. Nc3 Bb4 4. Qc2 c5 5. dxc5 0-0 6. Bf4 Bxc5 7. Nf3 Nc6 8. a3 a5 9. e3 Nh5 10. Bg3 f5 11. Be2 Be7 12. Rd1 Qe8 13. Bc7 Qg6 14. 0-0 Bd8 15. Bxd8 Rxd8 16. c5 Nf6 17. Nb5 Ne8 18. Bc4 Qf6 19. Nd6 Nxd6 20. Rxd6 Re8 21. Bb5 Re7 22. Rfd1 g5 23. h3 h5 24. Ne1 g4 25. hxg4 hxg4 26. g3 Rh7 27. Bf1 b6 28. Bg2 Ba6 29. Rxd7 Rxd7 30. Rxd7 Rc8 31. Rd6 Ne5 32. Rxb6 1-0